000 00681nam a22001697a 4500
003 BD-ChCU
005 20251211093417.0
008 251211b bg ||||| |||| 00| 0 ben d
040 _cBD-ChCU
082 _222
_a৮১৩.০১৮ রুশ ৬ ম
100 _aরুশদ, আবু
_917999
245 _aমহেন্দ্র মিষ্টান্ন ভাণ্ডার /
_cআবু রুশদ
260 _aঢাকা :
_bমুক্তধারা,
_c১৯৮৫
300 _a১১০পৃ. :
_c২২ সেমি
650 0 _aবাংলা ছোট গল্প - আধুনিক যুগ ছোট গল্প
_918000
942 _2ddc
_cBK
_n0
999 _c110371
_d110371